[Event "Montevideo op"]
[Site "Montevideo"]
[Date "2023.03.15"]
[Round "3"]
[White "Sanguinetti, Eduardo"]
[Black "Duarte, Horacio"]
[Result "1/2-1/2"]
[WhiteElo "1675"]
[BlackElo "1536"]
[PlyCount "36"]
[EventDate "2023.03.01"]
[EventType "swiss"]
[EventRounds "5"]
[EventCountry "URU"]
[SourceTitle "EXT 2024"]
[Source "ChessBase"]
[SourceDate "2023.10.10"]
[SourceVersion "1"]
[SourceVersionDate "2023.10.10"]
[SourceQuality "1"]

1. e4 c5 2. d4 cxd4 3. Nf3 Nc6 4. Nxd4 g6 5. c4 Bg7 6. Be3 Nf6 7. Nc3 d6 8. Be2 0-0 9. 0-0 e5 10. Nb3 a6 11. f3 Be6 12. Qd2 Qc7 13. Rac1 Rfd8 14. Nd5 Qb8 15. Nb6 Ra7 16. Nd5 Ra8 17. Nb6 Ra7 18. Nd5 Ra8 1/2-1/2